|
|
|
|
| LEADER |
01546cas a2200229 a 4500 |
| 001 |
AALejournalIMF010909 |
| 008 |
230101c9999 xx r poo 0 0eng d |
| 020 |
|
|
|z 9781557752451
|
| 040 |
|
|
|a BD-DhAAL
|c BD-DhAAL
|
| 110 |
2 |
|
|a International Monetary Fund.
|
| 240 |
1 |
0 |
|a Manual de estadisticas de las finanzas publicas.
|l French
|
| 245 |
1 |
0 |
|a Manual de estadisticas de las finanzas publicas.
|
| 264 |
|
1 |
|a Washington, D.C. :
|b International Monetary Fund,
|c 1986.
|
| 300 |
|
|
|a 1 online resource (375 pages)
|
| 500 |
|
|
|a <strong>Off-Campus Access:</strong> No User ID or Password Required
|
| 500 |
|
|
|a <strong>On-Campus Access:</strong> No User ID or Password Required
|
| 506 |
|
|
|a Electronic access restricted to authorized BRAC University faculty, staff and students
|
| 520 |
3 |
|
|a Ce manuel traite des concepts, definitions et procedures pour l'etablissement des statistiques de finances publiques. Il se veut un outil de reference pour ceux qui sont appeles a preparer ou a evaluer de telles statistiques. En mettant l'accent sur les transactions financieres telles que la fiscalite, l'emprunt, les depenses et les prets, le manuel met l'accent sur la synthese et l'organisation de statistiques appropriees pour l'analyse, la planification et la determination des politiques.
|
| 538 |
|
|
|a Mode of access: Internet
|
| 650 |
|
7 |
|a Central Banks and Their Policies
|2 imf
|
| 650 |
|
7 |
|a Foreign Exchange
|2 imf
|
| 856 |
4 |
0 |
|z Full text available on IMF
|u http://elibrary.imf.org/view/books/071/00059-9781557752451-fr/00059-9781557752451-fr-book.xml
|z IMF e-Library
|